Aplikácia systému just-in-time v zásobovacej logistike strojárskeho podniku : Diplomová práca

Na minha lista:
Detalhes bibliográficos
Autor principal: Macháček, Marián (Author)
Outros Autores: Červeňan, Štefan (xxx)
Formato: Manuscrito Livro
Idioma:eslovaco
Publicado em: Trnava : STU v Bratislave MtF KMK, 2002
Assuntos:
Tags: Adicionar Tag
Sem tags, seja o primeiro a adicionar uma tag!

MARC

LEADER 00000ntm a22000003a 4500
001 stu77255
005 20160719155028.9
008 020919s2002----xo------------------slo-d
040 |a STU  |b slo 
041 0 |a slo 
044 |a xo 
100 1 |a Macháček, Marián  |4 aut 
245 1 |a Aplikácia systému just-in-time v zásobovacej logistike strojárskeho podniku :  |b Diplomová práca 
260 |a Trnava :  |b STU v Bratislave MtF KMK,  |c 2002 
300 |a 91 s  |c abstr. 
650 7 |a systémy just-in-time  |2 stusub 
650 7 |a zásobovacia logistika  |2 stusub 
650 7 |a strojárske podniky  |2 stusub 
650 7 |a priemyselné inžinierstvo  |2 stusub 
700 1 |a Červeňan, Štefan  |4 xxx  |u M190  |U MTF Materiálovotechnologická fakulta  |T MTF Katedra priemyselného inžinierstva a manažmentu  |U M190  |Y 167